Statistics for Disaster Movies

Click here to take the quiz!

General Stats

  • This quiz has been taken 10,184 times
  • The average score is 10 of 18

Answer Stats

YearDescriptionMovie% Correct
1997Ship hits an iceberg and sinksTitanic
92%
1954Radioactive monster emerges from the deep and destroys TokyoGodzilla
87%
2013Appropriately named movie about shark-filled tornados that strike Los AngelesSharknado
80%
1998Oil drillers are sent to destroy an asteroid bound for EarthArmageddon
68%
1996Aliens zap the White House and other centers of human power, but are
somehow defeated by a simple computer virus
Independence Day
68%
1996Storm chasers chase a tornado with predictable resultsTwister
67%
2009Man and his family flee the Mayan apocalypse2012
63%
2004Weather gets crazy as the Earth suddenly enters a new Ice AgeThe Day After Tomorrow
61%
2013Humanity builds giant robots to fight against monsters from the deepPacific Rim
59%
2002A man wakes up from a coma to find that Britain
has been destroyed by a zombie virus
28 Days Later
50%
2000Fishermen risk a storm to get their fish back to shore – but the storm is too big!The Perfect Storm
49%
2008A monster attacks New York – as filmed by a guy without a tripodCloverfield
47%
1998Another movie about a killer asteroid that came out that same yearDeep Impact
42%
2011A plane crashes in Alaska and wolves hunt the survivorsThe Grey
35%
1974The world's tallest building is shoddily built, causing it to catch fireThe Towering Inferno
33%
1993A plane crashes in the Andes and the survivors must resort to cannibalismAlive
28%
1997Town in Washington state is destroyed by a volcanoDante's Peak
28%
2003The center of the Earth has stopped spinning somehow!The Core
26%

Score Distribution

Percentile by Number Answered

Percent of People with Each Score

Your Score History

You have not taken this quiz